000 00470nam a2200169Ia 4500
003 GCL
008 140319s9999 xx 000 0 eng d
040 _aGCL /
_cGCL
082 0 4 _a621.381
_bT W
100 1 _aTHERAJA, B L
245 1 0 _aWORKED EXAMPLES IN ELECTRICAL TECHNOLOGY /
_cTHERAJA, B L
260 _a[S.N] :
_bS. CHAND & COMPANY LTD ،
_c1993
300 _a464
650 0 4 _aالتحليل الرياضى
650 0 4 _aELECTRIC ENGINEERING
942 _2ddc
_cBK
999 _c19791
_d19791